000 00640nam a2200229Ia 4500
003 BUBTL
008 151213s9999 xx 000 0 und d
020 _a0-87589-673-1
082 _a302.3
_bMOM
100 _aChristopher W.Moore
245 _aThe Mediation Process
_cChristopher W.Moore
250 _a1st
260 _aSanfrancisco
_bJosscy-Bass
_c1986
300 _a[xxii] , 348p . :
_bill , Table ; 22cm .
_cManagement .
500 _aIncludes Index .
650 _aManagement
650 _aManagement
700 _aChristopher W.Moore
856 _k0
_l0
_yDownload
942 _2ddc
_cBK
999 _c2265
_d2265